000 00425cam a2200181ua 4500
020 _c60.00
041 _aeng
_h
082 _a332.41
_bHAG/IN
100 _aHague, D.C .
245 _aInflation /
_cD.C.Hague.
_hTextual Documents
250 _a1 /
_b.
260 _aLondon :
_bMacMillan and Company Limited ,
_c1962.
300 _a509 ; .
365 _a60.00
504 _a
942 _cBK
999 _c2118
_d2118